|
|
|
|
| LEADER |
00000nam a22000007a 4500 |
| 005 |
20170910233434.0 |
| 007 |
cr|||| |||| |
| 008 |
170910s2017 mx |||||s|||| 00||0 spa d |
| 020 |
|
|
|a 978-607-406-930-3
|
| 035 |
|
|
|a 20584
|
| 040 |
|
|
|a vLex
|
| 090 |
|
|
|c 6957
|d 6957
|
| 100 |
1 |
|
|a Martn̕ez Gutiřrez, Javier
|
| 245 |
1 |
0 |
|a Outsourcing 2017
|h [Recurso electrn̤ico] /
|c Javier Martn̕ez Gutiřrez
|
| 256 |
|
|
|a Servicio en ln̕ea
|
| 260 |
|
|
|a Mx̌ico DF:
|b Ediciones Fiscales ISEF,
|c 2017
|
| 300 |
|
|
|a 1 recurso electrn̤ico
|
| 500 |
|
|
|a El objetivo de la obra es dar a conocer en qu ̌consiste el llamado OUTSOURCING o subcontratacin̤, para que usted pueda llevar una sana aplicacin̤ del mismo en su empresa. Es ideal para el empresario, o responsable de la administracin̤ de un negocio o del r̀ea de nm̤inasr, para no incurrir en errores que pudieran representar un detrimento en las finanzas de la organizacin̤ o responsabilidades fiscales, legales, laborales, de seguridad social, impuestos locales o de lavado de dinero. Esta obra es escrita por un reconocido autor, por su desempeǫ en el ramo y por ser expositor del prestigiado Instituto Superior de Estudios Fiscales impartiendo cursos y diplomados sobre šte y otros temas de gran interš.
|
| 506 |
1 |
|
|a Disponible solo en los productos indicados
|d vLex Global
|d vLex Global (Academic Edition, excluding Law Schools)
|d vLex Global (U.S. Academic Edition, Law Schools)
|d vLex Global (U.S. Academic Edition, excluding Law Schools)
|d vLex Global (Academic Edition, Law Schools)
|
| 650 |
0 |
4 |
|a Derecho Fiscal
|z Mx̌ico
|
| 740 |
0 |
|
|a vLex Libros (Servicio en ln̕ea)
|
| 856 |
4 |
0 |
|u http://vlex.com/source/outsourcing-2017-20584
|z Acceso restringido
|
| 942 |
|
|
|c BOOK
|
| 999 |
0 |
|
|a Tax Law
|